| 000 | 01476cam a2200337 4500 | ||
|---|---|---|---|
| 008 | 040308n2004 000 0 eng u | ||
| 020 | _a1873394624 | ||
| 035 | _a(Sirsi) u125359 | ||
| 041 | _aeng | ||
| 050 |
_a690.241 _c18 |
||
| 050 | _a690.2 | ||
| 100 | _aSwallow, Peter | ||
| 245 | _aMeasurement and recording of historic buildings | ||
| 250 | _a2nd ed. | ||
| 260 |
_aShaftesbury _bDonhead _c2004 |
||
| 300 |
_axi, 244p. _bill. _c26cm. |
||
| 350 | _a35 | ||
| 520 | _aThe second edition of this practical guide to preparing measured surveys of historic buildings, with special emphasis on recording the fabric. Chapters cover: measured survey practice; surveying equipment; elementary land survey; levelling; preparing sketches, measuring and plotting and presentation for building measured survey; surveying with instruments; photographic based recording methods; and historic building recording. Appendices provide various practical examples. Bibliography. | ||
| 520 | _aSupersedes first edition (ISBN 187339408X). | ||
| 650 | _aHISTORIC BUILDINGS | ||
| 650 | _aBUILDING SURVEYS | ||
| 650 | _aMEASURED SURVEYS | ||
| 650 | _aBUILT ENVIRONMENT-BUILDING SURVEYING-STRUCTURAL SURVEYING | ||
| 650 | _aSURVEYING INSTRUMENTS | ||
| 650 | _aLEVELLING | ||
| 690 | _aBUILT ENVIRONMENT-BUILDING MAINTENANCE AND REFURBISHMENT-BUILDING CONSERVATION | ||
| 700 | _aDallas, Ross W. A. | ||
| 700 | _aJackson, Sophie | ||
| 700 | _aWatt, David S. | ||
| 942 | _n0 | ||
| 999 |
_c103376 _d103376 |
||